000 00820nam a2200253 a 4500
001 69199
003 BD-RjUL
005 20211209081847.0
008 170410s1955 enkabch b 001 0 eng
035 _a(BD-RjUL)69410
040 _aDLC
_cODaWU
_dBD-RjUL
_beng
041 1 _aeng
_hger
082 _223
_a910.41
_bLEW 1956
100 1 _aLeithäuser, Joachim G.
_9205020
245 1 0 _aWorlds beyond the horizon /
_cJoachim G.Leithäuser and translated by Hugh Merrick
260 _aLondon :
_bGeorge allen and unwin ltd.,
_c1956.
300 _a371 p. :
_bill. ;
_c23 cm.
504 _aIncludes index and bibliographical references.
650 0 _aTrips around the world
_9205021
650 0 _aDiscoveries in geography.
_9128906
700 1 _aMerrick, Hugh,
_d1898-1980.
_9205022
942 _2ddc
_cBK
999 _c69199
_d69199